[Event "Stay Safe Play From Home 306"]
[Site "Emanuel Lasker Arena"]
[Date "2020.07.15"]
[Round "6"]
[White "Timbre"]
[Black "Chesstiger9"]
[Result "0-1"]
[WhiteElo "1550"]
[BlackElo "1954"]
[Annotator "TA"]
[PlyCount "68"]
[EventDate "2020.07.15"]
[EventType "swiss (blitz)"]

{[%evp 10,68,8,0,11,0,0,11,6,-14,8,0,0,0,0,0,16,-50,10,-6,-11,-12,20,-17,-14,-22,85,-11,42,-17,-20,-26,-20,-43,79,81,143,120,164,180,204,158,134,32,145,130,211,83,175,139,285,114,208,115,215,205,273,-29992,-29990,-29996,-29997]} 1. d4 Nf6 2. Nf3 g6 3. c3 Bg7 4. Bf4 O-O 5. e3 d6 6. Be2 Nc6 {6...b6 is a critical line. A48: 1 d4 Nf6 2 Nf3 g6: Torre, London and Colle Systems.} 7. Nbd2 Nd7 8. O-O e5 {The position is equal.} 9. dxe5 (9. Bg5 {with more complications.} Qe8 10. dxe5 Ncxe5 11. Nd4 Nc5 12. b4) 9... Ndxe5 10. Nxe5 dxe5 11. Bg3 Be6 {[#]} 12. Qc2 $146 ({Predecessor:} 12. Nb3 Qe7 13. Qc2 f5 14. f3 Bh6 15. Bf2 b6 16. Rad1 a5 17. a4 Qf7 18. Nd2 {0-1 (31) Matsura,A (1459)-Pozdnyakov,A Krasnoyarsk 2016}) 12... f5 {aiming for ...f4.} 13. Bc4 (13. f3 $11) 13... Qe7 (13... Bxc4 $15 14. Nxc4 f4) 14. Bxe6+ Qxe6 15. h3 Kh8 16. a3 Rad8 17. Rad1 e4 (17... Bf6 $11) 18. Nb3 (18. Bxc7 $16 Rd7 19. Bf4) 18... Be5 (18... Qe7 $11) 19. Bxe5+ ({Better is} 19. Nc5 $14 Qc8 20. Bxe5+ Nxe5 21. Qb3) 19... Nxe5 $11 20. Nd4 Qe7 21. Qb3 Rf6 (21... c6 $15 {keeps the upper hand.}) 22. Qxb7 $16 Rb6 (22... a6 $142) 23. Qxa7 Nd3 24. b4 f4 25. Qa4 f3 26. Nc6 ({Reject} 26. gxf3 $6 Nb2 $11) (26. Rxd3 $1 $16 {Black must now prevent Nc6.} exd3 27. Nxf3) 26... Qg5 {[#]} (26... Qe8 $1 $14 27. b5 fxg2 28. Kxg2 Rd5) 27. g3 $1 Rf8 (27... Rd6 $16 {was called for.}) 28. Kh2 (28. Rb1 $18 {is more deadly.}) 28... h5 (28... Nb2 $16 {was worth a try.} 29. Qa5 Qf6) 29. h4 Qf6 (29... Qf5 $16) 30. Nd4 (30. b5 $18 {and the rest is easy.}) 30... c5 {[#]} (30... Qe7 $16 {is a better defense.}) 31. bxc5 ({White should try} 31. Rxd3 $1 $18 {Threatens to win with Rdd1.} exd3 32. bxc5) 31... Rb2 (31... Nxc5 $16 {keeps fighting.} 32. Qc4 Nd3) 32. Kg1 $18 Qe5 {( -> ...Rxf2!)} 33. Qc4 $4 {[%mdl 8192]} (33. Rxd3 $18 exd3 34. Qa6) 33... Nxf2 {[%mdl 64] Remove Defender, Decoy} 34. Rxf2 Qxg3+ {[%mdl 64] Double Attack. What a bad dream for White. Accuracy: White = 47%, Black = 26%.} 0-1

[Event "Stay Safe Play From Home 306"]
[Site "Emanuel Lasker Arena"]
[Date "2020.07.15"]
[Round "7"]
[White "Weltszmerc"]
[Black "Ionelluca"]
[Result "1-0"]
[WhiteElo "2040"]
[BlackElo "1987"]
[Annotator "TA"]
[PlyCount "87"]
[EventDate "2020.07.15"]
[EventType "swiss (blitz)"]

{[%evp 19,87,21,20,10,44,37,36,38,38,29,67,53,53,53,52,52,59,63,71,72,74,52,39,31,34,34,34,34,85,79,121,119,279,152,266,257,248,261,297,301,442,432,414,410,512,512,498,405,512,506,511,426,1706,1292,1041,644,607,531,610,582,635,511,511,502,484,469,450,375,495,487]} 1. d4 Nf6 2. c4 e6 3. Nf3 b6 4. g3 Bb7 5. Bg2 Be7 6. O-O O-O 7. Nc3 Ne4 8. Qc2 Nxc3 9. Qxc3 f5 10. Rd1 Bf6 11. b3 {E19: Queen's Indian: Old Main Line with 7...Ne4 8 Qc2 Nxc3 8 Qxc3.} c5 12. Bb2 Nc6 13. e3 {[#] White is slightly better.} Rb8 $146 ({Predecessor:} 13... Rc8 14. Qd2 d6 15. dxc5 dxc5 16. Qxd8 Rcxd8 17. Bxf6 gxf6 18. Ne1 Kf7 19. Nd3 Ke7 {0-1 (53) Tomann,D-Zlatilov,I (2350) Cologne 1990}) 14. Qd2 cxd4 15. Nxd4 Nxd4 16. Bxd4 Bxg2 17. Kxg2 Rf7 18. Bxf6 Qxf6 19. Qd6 Rbf8 20. h4 h6 21. Rac1 g5 22. hxg5 hxg5 23. Qd4 e5 (23... Qxd4 $14 24. Rxd4 Kg7) 24. Qd6 $16 Qg7 25. Rd5 f4 $2 {This move loses the game for Black.} (25... Re7 $16) 26. exf4 (26. Qxe5 Qh7 $16) ({White must play} 26. Rxe5 $18 {And now exf4 would win.} f3+ 27. Kh3) 26... exf4 (26... Rf6 $16 27. Qxd7 gxf4) 27. g4 $1 $18 Rf6 28. Qxd7 f3+ {[#]} 29. Kg3 $1 ({Weaker is} 29. Kg1 Qxd7 30. Rxd7 Rf4 $11) 29... R8f7 ({But not} 29... Qh6 $2 {[#]} 30. Rh1 $1 $18 {[%mdl 512]}) (29... Qxd7 $142 30. Rxd7 R8f7) 30. Qe8+ Rf8 31. Qe5 Qh7 {[%csl Gg5][%cal Rh7h4]} 32. Qxg5+ Rg6 33. Qh4 Qc7+ 34. Kh3 Rff6 35. Rh5 {aiming for Rh8+.} Qg7 (35... Qf4 $142 36. Rd1 Rh6 37. Rd8+ Kf7 38. Rd7+ Ke6 39. Rxa7 Qc1) 36. Rd1 Rd6 37. Rxd6 Rxd6 38. Qg5 Qxg5 39. Rxg5+ {KR-KR} Kh7 40. Kg3 Rd2 41. Rf5 Rxa2 42. Rxf3 Ra3 43. b4 {[%cal Bb3b4,Bb4b5][%mdl 32]} Ra2 44. b5 {Accuracy: White = 85%, Black = 45%.} 1-0

[Event "Stay Safe Play From Home 306"]
[Site "Emanuel Lasker Arena"]
[Date "2020.07.15"]
[Round "7"]
[White "Chesstiger9"]
[Black "Dukic"]
[Result "1-0"]
[WhiteElo "1957"]
[BlackElo "1975"]
[Annotator "TA"]
[PlyCount "73"]
[EventDate "2020.07.15"]
[EventType "swiss (blitz)"]

{[%evp 9,73,46,56,30,46,25,23,12,21,25,27,25,23,22,29,8,5,-86,-82,-89,-91,-92,-76,-87,-86,-83,-33,-89,-71,-72,-70,-64,-68,-89,-86,-91,-69,-73,-68,-94,-102,-136,-142,-177,-86,-139,-122,-167,-161,-168,-136,-220,-149,-141,-136,-103,-74,-67,-47,-67,-29,-73,-72,-136,-136,-200]} 1. d4 c6 2. Nf3 d6 3. e4 Bg4 4. h3 Bh5 5. g4 Bg6 6. Bd3 {[#] B12: Caro-Kann: Advance Variation.} Nd7 $146 ({Predecessor:} 6... Nf6 7. Nc3 Nbd7 8. g5 Nh5 9. Nh4 e5 10. dxe5 dxe5 11. Qf3 Bb4 12. Bc4 Bxc3+ 13. bxc3 {1-0 (35) Marn,J (2035)-Pleh,S (1678) Sarajevo 2017}) 7. h4 h6 8. h5 {White has an edge.} Bh7 9. e5 {Strongly threatening Bxh7.} Bxd3 10. Qxd3 {Threatens to win with e6.} dxe5 11. dxe5 {[#] And now e6! would win.} e6 $1 12. Be3 Qa5+ 13. c3 (13. Nc3 $11) 13... Nxe5 $17 14. Nxe5 Qxe5 15. Nd2 Rd8 16. Qc4 Nf6 17. O-O-O Qd5 (17... Qc7 {with more complications.} 18. Qe2 Be7 19. Kb1 Nd5 20. Bd4 Bf6) 18. Qxd5 ({Better is} 18. Qa4 $15 Ra8 19. Rhe1) 18... Rxd5 (18... cxd5 {is interesting.} 19. Rhg1 a6 20. Bd4 Rc8 21. Nf3 Bc5) 19. f3 b6 20. Nc4 Be7 21. Rxd5 Nxd5 22. Bd2 O-O 23. Ne5 Rc8 24. f4 Bd6 25. Nd3 c5 26. c4 {[#]} Nf6 (26... Nb4 $1 $19 {[%cal Rb4d3]} 27. Rh3 Nxa2+ 28. Kb1 Nb4 29. Nxb4 cxb4) 27. g5 (27. Nf2 $142) 27... Ne4 28. gxh6 gxh6 29. Be3 Kh7 30. Ne5 (30. Rd1 $17) 30... Bxe5 31. fxe5 $19 {[%mdl 4096] Endgame KRB-KRN} Ng3 32. Rd1 Rc7 33. Kc2 Nf5 34. Bf2 Kg7 35. Rd8 f6 36. exf6+ (36. Re8 $142) 36... Kxf6 $17 37. Rh8 {[%mdl 32768] Accuracy: White = 43%, Black = 75%. . Loss on time!?} (37. a3 $17 {was worth a try.}) 1-0

[Event "Stay Safe Play From Home 306"]
[Site "Emanuel Lasker Arena"]
[Date "2020.07.15"]
[Round "7"]
[White "Möwe"]
[Black "Haris kollari 13"]
[Result "1-0"]
[WhiteElo "1646"]
[BlackElo "1938"]
[Annotator "NA RC"]
[PlyCount "69"]
[EventDate "2020.07.15"]
[EventType "swiss (blitz)"]

1. e4 {[%emt 0:00:40]} e6 {[%emt 0:00:03]} 2. d4 {[%emt 0:00:01]} d5 {[%emt 0:00:01]} 3. exd5 {[%emt 0:00:00]} exd5 {[%emt 0:00:01]} 4. Nf3 {[%emt 0:00:01]} c6 {[%emt 0:00:01]} 5. Bd3 {[%emt 0:00:01]} Bg4 {[%emt 0:00:01]} 6. O-O {[%emt 0:00:01]} Nf6 {[%emt 0:00:01]} 7. Re1+ {[%emt 0:00:00]} Be7 {[%emt 0:00:01]} 8. Qe2 {[%emt 0:00:02]} Be6 {[%emt 0:00:04]} 9. Ng5 {[%emt 0:00:02]} Bg4 {[%emt 0:00:19]} 10. f3 {[%emt 0:00:05]} Bh5 {[%emt 0:00:01]} 11. Bf4 {[%emt 0:00:07]} h6 {[%emt 0:00:19]} 12. Nh3 {[%emt 0:00:10]} Kf8 {[%emt 0:00:01]} 13. Be5 {[%emt 0:00:05]} Nbd7 {[%emt 0:00:04]} 14. Nf4 {[%emt 0:00:02]} g5 {[%emt 0:00:14]} 15. Nxh5 {[%emt 0:00:04]} Nxh5 {[%emt 0:00:04]} 16. Bxh8 {[%emt 0:00:01]} f6 {[%emt 0:00:02]} 17. g3 {[%emt 0:00:22]} Qe8 {[%emt 0:00:15]} 18. Bg6 {[%emt 0:00:14]} Qxg6 {[%emt 0:00:05]} 19. Qxe7+ {[%emt 0:00:02]} Kg8 {[%emt 0:00:00]} 20. Qxd7 {[%emt 0:00:05]} Kxh8 {[%emt 0:00:02]} 21. Nd2 {[%emt 0:00:10]} Qxc2 {[%emt 0:00:02]} 22. Re8+ {[%emt 0:00:05]} Rxe8 {[%emt 0:00:01]} 23. Qxe8+ {[%emt 0:00:01]} Kg7 {[%emt 0:00:01]} 24. Qxh5 {[%emt 0:00:14]} Qxd2 {[%emt 0:00:03]} 25. Rf1 {[%emt 0:00:08]} Qxd4+ {[%emt 0:00:02]} 26. Kg2 {[%emt 0:00:02]} Qxb2+ {[%emt 0:00:01]} 27. Rf2 {[%emt 0:00:01]} Qd4 {[%emt 0:00:05]} 28. Qg4 {[%emt 0:00:04]} Qb6 {[%emt 0:00:08]} 29. Qd7+ {[%emt 0:00:05]} Kg6 {[%emt 0:00:01]} 30. g4 {[%emt 0:00:03]} Qb5 {[%emt 0:00:24]} 31. Qe8+ {[%emt 0:00:07]} Kg7 {[%emt 0:00:01]} 32. Re2 {[%emt 0:00:01]} h5 {[%emt 0:00:02]} 33. gxh5 {[%emt 0:00:03]} g4 {[%emt 0:00:06]} 34. Qg6+ {[%emt 0:00:01]} Kf8 {[%emt 0:00:03]} 35. Re8# {[%emt 0:00:03] (Lag: Av=0.49s, max=1.0s)} 1-0